| 000 | 004770000a22002050004500 | ||
|---|---|---|---|
| 003 | LK-CoMWRAF | ||
| 005 | 20230906214427.0 | ||
| 008 | 230817t2000 ||||| |||| 00| 0 eng d | ||
| 020 | _a034911336X | ||
| 040 |
_aLK-CoMWRAF _dLK-CoMWRAF _eLK-CoMWRAF |
||
| 041 | _aeng | ||
| 082 |
_a823 _bHOB |
||
| 100 | _aHobsbawm,Eric | ||
| 245 | _aThe New century | ||
| 260 |
_aU.K _bAbacus _c2000 |
||
| 300 | _a176p | ||
| 650 | _aWar and Peace | ||
| 650 | _aEnglish Fiction | ||
| 942 | _cBK | ||
| 999 |
_c321 _d321 |
||